Vista normal Vista MARC

Entrada Autoridad Autor Personal

Número de registros utilizados en: 1

001 - CONTROL NUMBER

  • control field: 28615

003 - CONTROL NUMBER IDENTIFIER

  • control field: OSt

005 - DATE AND TIME OF LATEST TRANSACTION

  • control field: 20231102145936.0

008 - FIXED-LENGTH DATA ELEMENTS

  • fixed length control field: 160120|| aca||aabn | a|a d

040 ## - CATALOGING SOURCE

  • Original cataloging agency: OSt
  • Transcribing agency: OSt

100 ## - HEADING--PERSONAL NAME

  • Personal name: Ceballos Sierra, Fco.(sic) Javier
  • Relator term: autor

670 ## - SOURCE DATA FOUND

  • Source citation: Work cat.: (OSt)63843: CEBALLOS Sierra, Fco. Javier., Visual C#, c2013.

670 ## - SOURCE DATA FOUND

  • Source citation: Work cat.: (OSt): Ceballos Sierra, Fco. Javier (sic) autor, Java 2 , , 2003

670 ## - SOURCE DATA FOUND

  • Source citation: Work cat.: (OSt)26962: Ceballos Sierra, Fco. Javier Autor, Aplicaciones . Net multiplataforma, , 2008

670 ## - SOURCE DATA FOUND

  • Source citation: Work cat.: (OSt)54080: Ceballos Sierra, Fco. Javier autor , Microsoft Visual Basic. Net, , 2008

670 ## - SOURCE DATA FOUND

  • Source citation: Work cat.: (OSt): Ceballos Sierra, Francisco Javier autor, Enciclopedia de Microsoft Visual C#, , 2014

670 ## - SOURCE DATA FOUND

  • Source citation: Work cat.: (OSt)25909: CEBALLOS SIERRA, Francisco. Javier, Aplicaciones .Net multiplataforma (proyecto Mono) : plataformas Linux, Windows, Mac OS X... / Francisco Javier Ceballos Sierra

670 ## - SOURCE DATA FOUND

  • Source citation: Work cat.: (OSt)9456: Ceballos Sierra, Javier , autor., Microsoft C# , , 2005.

670 ## - SOURCE DATA FOUND

  • Source citation: Work cat.: (OSt)9457: Ceballos Sierra, Javier , autor., El Lenguaje de programacion C# , , 2002.

670 ## - SOURCE DATA FOUND

  • Source citation: Work cat.: (OSt)9473: Ceballos Sierra, Javier , autor., Visual Basic .NET , , 2006.

670 ## - SOURCE DATA FOUND

  • Source citation: Work cat.: (OSt)62095: Ceballos Sierra, Javier , autor., Visual Basic .NET , , 2011.

670 ## - SOURCE DATA FOUND

  • Source citation: Work cat.: (OSt): Ceballos Sierra, Javier autor, Visual Basic .NET, , 2007

670 ## - SOURCE DATA FOUND

  • Source citation: Work cat.: (OSt)9839: Ceballos Sierra, Javier , autor., Microsoft C# : , , 2008.

670 ## - SOURCE DATA FOUND

  • Source citation: Work cat.: (OSt)59824: CEBALLOS Sierra, Javier Autor, Java 2 , 2011

CONTACTO


NOSOTROS


SITIOS DE INTERES

coordinacion.biblioteca.biblioteca@unienlinea.mx Misión, Visión y Objetivos Bases de datos
Directorio Bibliotecas Digitales y Repositorios
Normatividad Revistas y artículos
Convenios interbibliotecarios
Boletines



Hecho en México. Universidad Insurgentes (UIN). Todos los derechos reservados 2024. Esta página y sus contenidos pueden ser reproducidos con fines no lucrativos, siempre y cuando no se mutile, se cite la fuente completa y su dirección electrónicas. De otra forma requiere permiso previo por escrito de la institución




2024 Copyright Universidad Insurgentes | www.bibliouin.com.mx